| 000 | 01198cam a22002891i 4500 | ||
|---|---|---|---|
| 003 | SA-RiAUC | ||
| 005 | 20241222074551.0 | ||
| 008 | 241218s1984 le g b 00000 ara c | ||
| 040 |
_aSA-JeALM _bara _cSA-RiAUC _erda |
||
| 050 | 0 | _bN38 1984 | |
| 082 | 0 | 4 |
_a247 _qSA-RiAUC |
| 090 |
_a247 _bن و ب |
||
| 100 | 1 |
_aالنوبختي، الحسن بن موسى بن الحسن، _dتوفي 310 هجري _eمؤلف. |
|
| 245 | 1 | 0 |
_aكتاب فرق الشيعة / _cالحسن بن موسى النوبختي. سعد بن عبدالله القمي. حققه عبدالمنعم الحفني |
| 250 | _aالطبعة الاولى. | ||
| 264 | 1 |
_aالقاهرة : _bدار الرشد، _c1992 |
|
| 300 |
_a110 صفحة ؛ _c24سم |
||
| 336 |
_aنص _btxt _2rdacontent _3كتاب |
||
| 337 |
_aبدون وسيط _bn _2rdamedia |
||
| 338 |
_aمجلد _bnc _2rdacarrier |
||
| 504 | _aيشتمل على إرجاعات ببليوجرافية. | ||
| 650 | 7 |
_aالشيعة (فرقة إسلامية) _2aucsh |
|
| 700 |
_aالقمي، سعد بن عبدالله _eمؤلف. |
||
| 700 |
_aالحفني، عبدالمنعم _eمحقق. |
||
| 942 |
_2ddc _cBOOK _n0 |
||
| 949 |
_aSA-JeALM _d241218 _uosman123 _n1 |
||
| 999 |
_c3761 _d3761 |
||